00439 2200157 4500001002100000005001500021035002000036245004500056100002500101300003300126260003700159082002700196084002700223020001400250650001700264INLIS00000000000321520250621081040 a0010-06250032121 aRomeo and Juliet /cWilliam Shakespeare.0 aWilliam Shakespeare. axlvi, 128 hal. ;c19 x 13 cm aNew York :bPenguin Books,c2000 ach 822.3 P384 v.14 c.2 ach 822.3 P384 v.14 c.2 a140714847 4aNovel, Fiksi
An Error occurred while handling another error:
yii\web\HeadersAlreadySentException: Headers already sent in /home/cgag1341/public_html/lib.cga.sch.id/common/components/MarcHelpers.php on line 185. in /home/cgag1341/public_html/lib.cga.sch.id/vendor/yiisoft/yii2/web/Response.php:369
Stack trace:
#0 /home/cgag1341/public_html/lib.cga.sch.id/vendor/yiisoft/yii2/web/Response.php(342): yii\web\Response->sendHeaders()
#1 /home/cgag1341/public_html/lib.cga.sch.id/vendor/yiisoft/yii2/web/ErrorHandler.php(136): yii\web\Response->send()
#2 /home/cgag1341/public_html/lib.cga.sch.id/vendor/yiisoft/yii2/base/ErrorHandler.php(152): yii\web\ErrorHandler->renderException(Object(yii\web\HeadersAlreadySentException))
#3 [internal function]: yii\base\ErrorHandler->handleException(Object(yii\web\HeadersAlreadySentException))
#4 {main}
Previous exception:
yii\web\HeadersAlreadySentException: Headers already sent in /home/cgag1341/public_html/lib.cga.sch.id/common/components/MarcHelpers.php on line 185. in /home/cgag1341/public_html/lib.cga.sch.id/vendor/yiisoft/yii2/web/Response.php:369
Stack trace:
#0 /home/cgag1341/public_html/lib.cga.sch.id/vendor/yiisoft/yii2/web/Response.php(342): yii\web\Response->sendHeaders()
#1 /home/cgag1341/public_html/lib.cga.sch.id/vendor/yiisoft/yii2/base/Application.php(390): yii\web\Response->send()
#2 /home/cgag1341/public_html/lib.cga.sch.id/opac/index.php(26): yii\base\Application->run()
#3 {main}